Una ojeada histórica sobre la aviación alemana desde 1909 hasta 1934 (Record no. 85788)

MARC details
000 -LEADER
campo de control de longitud fija 00596nam a2200181 i 4500
001 - NÚMERO DE CONTROL
campo de control 85788
003 - IDENTIFICADOR DE NÚMERO DE CONTROL
campo de control ES-MaACL
005 - FECHA Y HORA DE LA ÚLTIMA TRANSACCIÓN
campo de control 20230906175317.0
007 - CAMPO FIJO DE DESCRIPCIÓN FÍSICA--INFORMACIÓN GENERAL
campo de control de longitud fija t|
008 - DATOS DE LONGITUD FIJA--INFORMACIÓN GENERAL
campo de control de longitud fija 041201s1935 gw ||||1| spa d
245 00 - MENCIÓN DEL TÍTULO
Título Una ojeada histórica sobre la aviación alemana desde 1909 hasta 1934
Resto del título : Junkers y la aviación mundial /
Mención de responsabilidad, etc. editado por Hauptman, A. Fischer, V. Poturzyn.
260 ## - PUBLICACIÓN, DISTRIBUCIÓN, ETC.
Lugar de publicación, distribución, etc. Munich :
Nombre del editor, distribuidor, etc. [s.n.,
Fecha de publicación, distribución, etc. 1935] (
Fabricante Richard Pflaum)
300 ## - DESCRIPCIÓN FÍSICA
Extensión 186 p. ;
Dimensiones 24 cm.
700 1# - ENTRADA AGREGADA--NOMBRE PERSONAL
Nombre de persona Hauptmann.
9 (RLIN) 62098
700 1# - ENTRADA AGREGADA--NOMBRE PERSONAL
Nombre de persona Fischer, A.
9 (RLIN) 50977
700 1# - ENTRADA AGREGADA--NOMBRE PERSONAL
Nombre de persona Poturzyn, V.
9 (RLIN) 93404
852 ## - LOCALIZACIÓN
Ubicación ES-MaACL
Número de control de estantería A-4468
Holdings
Estatus retirado Estado de pérdida Estado de daño No para préstamo Biblioteca de origen Biblioteca actual Ubicación en estantería Fecha de adquisición Fuente de adquisición Total de préstamos Signatura topográfica completa Código de barras Visto por última vez Precio de reemplazo Tipo de ítem Koha
        Biblioteca del Ateneo de Madrid Biblioteca del Ateneo de Madrid Sala Pecera Planta 1 17/01/2008     A-4468 1089648 23/02/2023 23/02/2023 Libro impreso